000 00465nam a22001577a 4500
003 OSt
005 20150919150935.0
008 150919b xxu||||| |||| 00| 0 eng d
040 _cRUA
082 _aAGR YE 2008 B036 Or.1
100 _9878
_aYE, VESSNA.
245 _aEffect of mulching on growth and yield of cherry tomato at crop station of royal university of agriculture
260 _aPhnom Penh
_bRUA
_c2008
300 _axi; 54p.
_bill.
_c29cm.
942 _2ddc
_cAGR
999 _c846
_d846